| 000 | 00582nam a2200181 i 4500 | ||
|---|---|---|---|
| 001 | 40449 | ||
| 003 | ES-MaACL | ||
| 007 | t| | ||
| 008 | 030306s1893 sp ||||1| spa d | ||
| 100 | 1 |
_aCaro, Elme Marie. _935394 |
|
| 245 | 1 | 3 |
_aEl pesimismo en el siglo XIX _b: Leopardi, Schopenhauer, Hartmann / _cpor E. Caro. |
| 260 |
_aMadrid : _bLa España Moderna, _c[1893] |
||
| 300 |
_a303 p. ; _c17 cm. |
||
| 490 | 1 |
_aColección de libros escogidos ; _v58 |
|
| 830 | 0 |
_aColección de libros escogidos ; _v58 _9181858 |
|
| 852 |
_aES-MaACL _jG-7451 _bR.113958 |
||
| 999 |
_c40449 _d40449 |
||